[Event "Schachfestival 2014 - Senioren"]
[Site "Woerishofen Bad"]
[Date "2014.03.22"]
[Round "2.36"]
[White "Dittmann, Heinz"]
[Black "Goris Schouwstra, Adri"]
[Result "0-1"]
[WhiteElo "1564"]
[BlackElo "1886"]
[PlyCount "76"]
[EventDate "2014.03.21"]
[EventType "swiss"]
[EventCountry "GER"]
[WhiteTeam "Schachgemeinschaft Nettetal 1929"]
[WhiteTeamCountry "GER"]

1. e4 e6 2. d4 d5 3. Nd2 Nf6 4. e5 Nfd7 5. b3 c5 6. Bb2 cxd4 7. Bxd4 Nc6 8. Bb2
Ncxe5 9. Ngf3 Nc6 10. g3 Nf6 11. Bg2 Be7 12. O-O O-O 13. Re1 Bd7 14. Ne5 Nxe5
15. Bxe5 Bc6 16. c3 Rc8 17. Nf3 Nd7 18. Bd4 Bf6 19. Qc2 b6 20. Rac1 h6 21. Qb2
Nc5 22. Bf1 Bxd4 23. Nxd4 Qf6 24. Nxc6 Rxc6 25. Qa3 Ne4 26. Rxe4 dxe4 27. Qxa7
Rxc3 28. Rxc3 Qxc3 29. Qxb6 Qd2 30. a4 Rd8 31. a5 Rd4 32. Qb8+ Kh7 33. Qf4 Qxa5
34. Bc4 Qe1+ 35. Kg2 Rd7 36. h4 Rd1 37. Kh3 Qh1+ 38. Kg4 f5+ 0-1

[Event "Schachfestival 2014 - Senioren"]
[Site "Woerishofen Bad"]
[Date "2014.03.22"]
[Round "2.2"]
[White "Di Lazzaro, Gabriele"]
[Black "Bhend, Edwin"]
[Result "1/2-1/2"]
[WhiteElo "1936"]
[BlackElo "2200"]
[PlyCount "84"]
[EventDate "2014.03.21"]
[EventType "swiss"]
[EventCountry "GER"]
[BlackTeam "Trümmerfeld"]
[BlackTeamCountry "SUI"]

1. d4 d5 2. Nc3 Nf6 3. Bg5 Nbd7 4. Qd3 c6 5. Nf3 h6 6. Bh4 Qa5 7. a3 e6 8. Nd2
g5 9. Nb3 Qd8 10. Bg3 Nh5 11. e4 Nxg3 12. hxg3 b6 13. exd5 cxd5 14. Be2 Bb7 15.
O-O-O a6 16. Rde1 Nf6 17. f4 Ne4 18. Nxe4 dxe4 19. Qe3 gxf4 20. gxf4 Qc7 21.
Kb1 O-O-O 22. g4 Kb8 23. g5 Bd6 24. Ref1 hxg5 25. Rxh8 Rxh8 26. fxg5 Rh2 27.
Bd1 Rg2 28. Nd2 Rg3 29. Qe2 e3 30. Nf3 Bf4 31. Ne5 Rg2 32. Qh5 Bxe5 33. dxe5
Qxe5 34. Bf3 Rf2 35. Be2 Bf3 36. Qxf7 Bxe2 37. Rxf2 exf2 38. Qxf2 Kc7 39. Qf7+
Kd6 40. Qf8+ Kd7 41. Qf7+ Kd6 42. Qf8+ Kd7 1/2-1/2

[Event "Schachfestival 2014 - Senioren"]
[Site "Woerishofen Bad"]
[Date "2014.03.22"]
[Round "2.15"]
[White "Aigner, Georg"]
[Black "Klempt, Guenter"]
[Result "1-0"]
[WhiteElo "1894"]
[BlackElo "2052"]
[PlyCount "119"]
[EventDate "2014.03.21"]
[EventType "swiss"]
[EventCountry "GER"]
[WhiteTeam "TSV Dietfurt/Altm. e.V."]
[BlackTeam "Bochumer Schachverein 02"]
[WhiteTeamCountry "AUT"]
[BlackTeamCountry "GER"]

1. e4 c5 2. Nf3 Nc6 3. d4 cxd4 4. Nxd4 g6 5. c4 Bg7 6. Be3 Nf6 7. Nc3 O-O 8.
Be2 d6 9. h4 h5 10. Qd2 Ng4 11. Nxc6 bxc6 12. Bxg4 Bxg4 13. Bd4 Bxd4 14. Qxd4
Qb6 15. Qxb6 axb6 16. f3 Be6 17. b3 b5 18. cxb5 cxb5 19. Kd2 b4 20. Nb5 Rfc8
21. Nd4 Rc7 22. Rhc1 Rca7 23. Rc2 Ra3 24. Rb2 R3a6 25. Kc1 Bd7 26. Rc2 R6a7 27.
Kb2 Kf8 28. Rc4 Rb7 29. a3 bxa3+ 30. Rxa3 Rab8 31. Nc6 Bxc6 32. Rxc6 Ke8 33.
Rc3 Kd7 34. Ra4 Ke6 35. Rac4 Kd7 36. Ka3 e6 37. b4 d5 38. exd5 exd5 39. Rd4 Rb5
40. Ka4 Kd6 41. f4 f6 42. Rg3 Ke6 43. Rxg6 R5b7 44. Rh6 Ra7+ 45. Kb3 Rba8 46.
Rd2 Ra3+ 47. Kc2 R8a4 48. Re2+ Kf5 49. Rxh5+ Kxf4 50. Rxd5 Ra2+ 51. Kd1 Rxe2
52. Kxe2 Rxb4 53. Rd3 Rb2+ 54. Kf1 Kg4 55. Rh3 Rb5 56. Kf2 Rb2+ 57. Kg1 Rb5 58.
Kh2 Rh5 59. Rg3+ Kxh4 60. Rg6 1-0

[Event "Schachfestival 2014 - Senioren"]
[Site "Woerishofen Bad"]
[Date "2014.03.22"]
[Round "2.31"]
[White "Braeu, Ludwig"]
[Black "Bartlitz, Heinz"]
[Result "1-0"]
[WhiteElo "1958"]
[BlackElo "1750"]
[PlyCount "77"]
[EventDate "2014.03.21"]
[EventType "swiss"]
[EventCountry "GER"]
[WhiteTeam "SK Marktoberdorf"]
[BlackTeam "Bramfelder SK 1947 e.V."]
[WhiteTeamCountry "GER"]
[BlackTeamCountry "GER"]

1. c4 f5 2. g3 g6 3. Bg2 Bg7 4. Nc3 Nf6 5. e3 O-O 6. Nge2 d6 7. O-O e5 8. d3
Na6 9. Rb1 Rb8 10. b3 Nc5 11. b4 Ne6 12. f4 Nd7 13. a4 c6 14. Ba3 exf4 15. gxf4
Re8 16. Qd2 Nf6 17. e4 Ng4 18. exf5 gxf5 19. h3 Nh6 20. d4 Qf6 21. Rbd1 Nc7 22.
d5 Bd7 23. dxc6 bxc6 24. Qxd6 Qxd6 25. Rxd6 Rbd8 26. Rfd1 Be6 27. Rxd8 Rxd8 28.
Rxd8+ Kf7 29. Bxc6 Ke7 30. Rd2 Ne8 31. b5+ Kf7 32. Rd8 Nf6 33. Ra8 Bxc4 34.
Rxa7+ Kg6 35. b6 Ne4 36. Be8+ Nf7 37. Bxf7+ Bxf7 38. Nxe4 fxe4 39. b7 1-0

[Event "Schachfestival 2014 - Senioren"]
[Site "Woerishofen Bad"]
[Date "2014.03.22"]
[Round "2.48"]
[White "Weber, Gerhard"]
[Black "Mircoli, Filippo"]
[Result "1-0"]
[WhiteElo "1880"]
[BlackElo "1674"]
[PlyCount "57"]
[EventDate "2014.03.21"]
[EventType "swiss"]
[EventCountry "GER"]
[WhiteTeam "Schachclub Bayer Leverkusen e.V."]
[BlackTeam "Castelfidardo"]
[WhiteTeamCountry "GER"]
[BlackTeamCountry "ITA"]

1. e4 c5 2. Nf3 e6 3. d4 cxd4 4. Nxd4 a6 5. c4 Qc7 6. Nc3 Nf6 7. Bd3 Bc5 8. Be3
Nc6 9. Nxe6 fxe6 10. Bxc5 d6 11. Ba3 Nd4 12. O-O e5 13. h3 Be6 14. Rc1 Rc8 15.
b3 Qd7 16. Nd5 Rc6 17. Bb2 a5 18. Bxd4 exd4 19. Nf4 Bf7 20. Ne2 g5 21. Nxd4 g4
22. h4 Rc8 23. e5 dxe5 24. Bf5 Qc7 25. Bxc8 exd4 26. Re1+ Kf8 27. Qxd4 Qxc8 28.
Qxf6 Rg8 29. Rcd1 1-0

[Event "Schachfestival 2014 - Senioren"]
[Site "Woerishofen Bad"]
[Date "2014.03.22"]
[Round "2.30"]
[White "Bauder, Herbert"]
[Black "Collins, Alan"]
[Result "1-0"]
[WhiteElo "1961"]
[BlackElo "1732"]
[PlyCount "49"]
[EventDate "2014.03.21"]
[EventType "swiss"]
[EventCountry "GER"]
[WhiteTeam "SG Lasker Steglitz-Wilmersdorf"]
[BlackTeam "Cowley"]
[WhiteTeamCountry "GER"]
[BlackTeamCountry "ENG"]

1. d4 d6 2. Nf3 Bg4 3. c4 Nd7 4. e4 e5 5. Be2 Ngf6 6. Nc3 Bxf3 7. Bxf3 Be7 8.
d5 O-O 9. O-O a5 10. Rb1 Nc5 11. b3 b6 12. a3 Qd7 13. Be3 Rfb8 14. b4 axb4 15.
axb4 Nb7 16. Ra1 Qd8 17. Qc2 Nd7 18. Nb5 Rxa1 19. Rxa1 Bf8 20. Qb2 f6 21. Na7
Ra8 22. Nc6 Rxa1+ 23. Qxa1 Qc8 24. Qa6 Nb8 25. Qa8 1-0

[Event "Schachfestival 2014 - Senioren"]
[Site "Woerishofen Bad"]
[Date "2014.03.22"]
[Round "2.8"]
[White "Koenigl, Anton"]
[Black "Rahn, Oskar"]
[Result "1/2-1/2"]
[WhiteElo "1917"]
[BlackElo "2123"]
[PlyCount "40"]
[EventDate "2014.03.21"]
[EventType "swiss"]
[EventCountry "GER"]
[WhiteTeam "FC Ergolding 1932 e.V."]
[BlackTeam "SK Frankenthal"]
[WhiteTeamCountry "GER"]
[BlackTeamCountry "GER"]

1. d4 Nf6 2. Nf3 d5 3. e3 e6 4. Bd3 Nbd7 5. Nbd2 c5 6. b3 Be7 7. O-O O-O 8. Bb2
Qc7 9. c4 Bd6 10. Rc1 b6 11. cxd5 exd5 12. h3 Bb7 13. dxc5 bxc5 14. Nd4 Qb6 15.
Nf5 Be5 16. Bxe5 Nxe5 17. Be2 Rfe8 18. Nf3 Rac8 19. Nxe5 Rxe5 20. Ng3 Rd8
1/2-1/2

[Event "Schachfestival 2014 - Senioren"]
[Site "Woerishofen Bad"]
[Date "2014.03.22"]
[Round "2.14"]
[White "Zwetz, Anita"]
[Black "Hein, Manfred"]
[Result "1/2-1/2"]
[WhiteElo "1897"]
[BlackElo "2064"]
[PlyCount "89"]
[EventDate "2014.03.21"]
[EventType "swiss"]
[EventCountry "GER"]
[WhiteTeam "TSV Kareth-Lappersdorf"]
[BlackTeam "FC Gunzenhausen 1910 e.V"]
[WhiteTeamCountry "GER"]
[BlackTeamCountry "GER"]

1. d4 d5 2. Nf3 Nf6 3. Bg5 Ne4 4. Bf4 e6 5. Nbd2 Nxd2 6. Qxd2 Bd6 7. c3 Nc6 8.
Bxd6 Qxd6 9. e3 a6 10. Bd3 e5 11. dxe5 Nxe5 12. Be2 Be6 13. Ng5 O-O-O 14. Nxe6
fxe6 15. O-O c5 16. Rad1 Qe7 17. Qc2 Kb8 18. c4 dxc4 19. Bxc4 Nxc4 20. Qxc4 b5
21. Qe4 Rxd1 22. Rxd1 Rd8 23. Qe5+ Kb7 24. Rxd8 Qxd8 25. Qxg7+ Kb6 26. g4 Qd1+
27. Kg2 Qd5+ 28. Kg3 Qxa2 29. Qxh7 Qxb2 30. Qe4 Qf6 31. h4 b4 32. g5 Qe7 33.
Qc4 a5 34. f4 a4 35. h5 a3 36. Qc2 e5 37. h6 exf4+ 38. exf4 Qe3+ 39. Kg4 b3 40.
Qg6+ Kb5 41. h7 Qe2+ 42. Kg3 Qe3+ 43. Kg4 Qe2+ 44. Kg3 Qe3+ 45. Kg4 1/2-1/2

[Event "Schachfestival 2014 - Senioren"]
[Site "Woerishofen Bad"]
[Date "2014.03.22"]
[Round "2.3"]
[White "Reimann, Guenther"]
[Black "Goy, Udo"]
[Result "0-1"]
[WhiteElo "1929"]
[BlackElo "2178"]
[PlyCount "96"]
[EventDate "2014.03.21"]
[EventType "swiss"]
[EventCountry "GER"]
[WhiteTeam "SC Magstadt"]
[BlackTeam "Ford-Schachfreunde Köln e.V."]
[WhiteTeamCountry "GER"]
[BlackTeamCountry "GER"]

1. c4 e5 2. d3 Nf6 3. Nf3 Nc6 4. g3 Bb4+ 5. Bd2 Bxd2+ 6. Nbxd2 d6 7. Bg2 O-O 8.
O-O h6 9. a3 a5 10. b3 Be6 11. Qc2 Qe7 12. e3 Rad8 13. Ne4 Nxe4 14. dxe4 f5 15.
exf5 Bxf5 16. Qd2 Be6 17. Rac1 Qf7 18. Ne1 a4 19. b4 Ne7 20. Qc2 c6 21. f4 exf4
22. Rxf4 Qh5 23. Qxa4 Qe2 24. Re4 Bxc4 25. Rexc4 b5 26. Qb3 bxc4 27. Qxc4+ Qxc4
28. Rxc4 d5 29. Rc3 Kf7 30. Nc2 Ke6 31. Nd4+ Kd6 32. Bh3 Rf6 33. Rc2 Ra8 34.
Rc3 Rb8 35. Bg2 Rb6 36. Bh3 g5 37. Bg4 Ng6 38. Be2 Ne5 39. Rc2 g4 40. Kg2 h5
41. Rc3 Rb8 42. Kg1 Ra8 43. Kg2 Rf7 44. Kg1 Rfa7 45. Nc2 h4 46. gxh4 Rh8 47.
Nd4 Rf7 48. h5 Rxh5 0-1

[Event "Schachfestival 2014 - Senioren"]
[Site "Woerishofen Bad"]
[Date "2014.03.22"]
[Round "2.28"]
[White "Mentel, Juergen"]
[Black "Paulsen, Eckart"]
[Result "1/2-1/2"]
[WhiteElo "2014"]
[BlackElo "1856"]
[PlyCount "41"]
[EventDate "2014.03.21"]
[EventType "swiss"]
[EventCountry "GER"]
[WhiteTeam "Greifswalder SV"]
[BlackTeam "Post SV Neustadt"]
[WhiteTeamCountry "GER"]
[BlackTeamCountry "GER"]

1. e4 e6 2. Qe2 Ne7 3. d4 d5 4. e5 c5 5. c3 Nbc6 6. Nf3 cxd4 7. cxd4 Nf5 8. Qd1
Bb4+ 9. Nc3 Qb6 10. Be3 O-O 11. Be2 Nxe3 12. fxe3 Ne7 13. Bd3 Bd7 14. O-O Bxc3
15. bxc3 a6 16. Rb1 Qc7 17. Qb3 b5 18. e4 Bc6 19. Nd2 dxe4 20. Bxe4 Rac8 21.
Rbc1 1/2-1/2

[Event "Schachfestival 2014 - Senioren"]
[Site "Woerishofen Bad"]
[Date "2014.03.22"]
[Round "2.57"]
[White "Alefs, Heinz"]
[Black "Girod, Gudrun"]
[Result "1-0"]
[WhiteElo "1823"]
[BlackElo "1565"]
[PlyCount "67"]
[EventDate "2014.03.21"]
[EventType "swiss"]
[EventCountry "GER"]
[WhiteTeam "SC Eichenau"]
[BlackTeam "Hannover 96"]
[WhiteTeamCountry "GER"]
[BlackTeamCountry "GER"]

1. d4 d5 2. Nf3 e6 3. Bf4 Nf6 4. e3 h6 5. Bd3 Bd6 6. O-O Bxf4 7. exf4 Nbd7 8.
Nbd2 O-O 9. Ne5 c5 10. dxc5 Nxc5 11. Be2 Qb6 12. b3 Bd7 13. c4 Bc6 14. cxd5
Bxd5 15. Ndc4 Bxc4 16. Nxc4 Qd8 17. Qc2 Rc8 18. Rfd1 Qc7 19. g3 Rfd8 20. Ne5
Qb6 21. Bf3 Ncd7 22. Qe2 Nxe5 23. fxe5 Nd7 24. Rd3 Nc5 25. Rc3 Nd7 26. Rxc8
Rxc8 27. Rd1 Nc5 28. Qc4 Qc7 29. Rc1 Qd8 30. b4 b5 31. Qc2 Qg5 32. bxc5 Qxe5
33. c6 a6 34. c7 1-0

[Event "Schachfestival 2014 - Senioren"]
[Site "Woerishofen Bad"]
[Date "2014.03.22"]
[Round "2.17"]
[White "Eichler, Gottfried"]
[Black "Wolfram, Gisbert"]
[Result "1-0"]
[WhiteElo "2030"]
[BlackElo "1803"]
[PlyCount "79"]
[EventDate "2014.03.21"]
[EventType "swiss"]
[EventCountry "GER"]
[WhiteTeam "MTV Dannenberg"]
[BlackTeam "SU Ebersberg-Grafing"]
[WhiteTeamCountry "GER"]
[BlackTeamCountry "GER"]

1. d4 d5 2. Nf3 Nf6 3. e3 c6 4. Bd3 Bg4 5. h3 Bh5 6. Nbd2 e6 7. c4 dxc4 8. Bxc4
Nbd7 9. O-O c5 10. Be2 Be7 11. dxc5 Bxc5 12. a3 O-O 13. b4 Be7 14. Bb2 Rc8 15.
Qb3 Nb6 16. Rfd1 Qe8 17. a4 a6 18. Bd4 Nbd5 19. b5 a5 20. e4 Nf4 21. Bf1 Bg6
22. Qe3 Bd6 23. Be5 Bxe5 24. Nxe5 N4d5 25. exd5 Nxd5 26. Qd4 Bf5 27. Ndc4 Qe7
28. Ne3 Nxe3 29. Qxe3 Rfd8 30. Qb6 Bc2 31. Rxd8+ Rxd8 32. Qxa5 f6 33. Nc4 Bf5
34. Ne3 Bg6 35. Rc1 Rd7 36. b6 Be4 37. Qc5 Qxc5 38. Rxc5 Bc6 39. a5 Kf8 40. a6
1-0

[Event "Schachfestival 2014 - Senioren"]
[Site "Woerishofen Bad"]
[Date "2014.03.22"]
[Round "2.41"]
[White "Scholtyssek, Werner"]
[Black "Meinke, Dietlind"]
[Result "1/2-1/2"]
[WhiteElo "1799"]
[BlackElo "1925"]
[PlyCount "52"]
[EventDate "2014.03.21"]
[EventType "swiss"]
[EventCountry "GER"]
[WhiteTeam "SK Blankenloch 1947 e.V."]
[BlackTeam "MTV Leck von 1889"]
[WhiteTeamCountry "GER"]
[BlackTeamCountry "GER"]

1. e4 d5 2. exd5 Qxd5 3. Nc3 Qd6 4. d4 Nf6 5. Bd3 a6 6. Nge2 Bg4 7. f3 Bh5 8.
Bf4 Qd7 9. Qd2 Nc6 10. O-O-O Nb4 11. Rhe1 Nxd3+ 12. Qxd3 Bg6 13. Ne4 O-O-O 14.
N2c3 Qc6 15. d5 Bxe4 16. fxe4 Qd7 17. e5 Nh5 18. Qd4 b6 19. Qe4 Nxf4 20. Qxf4
e6 21. dxe6 Qxe6 22. Rxd8+ Kxd8 23. Rd1+ Kc8 24. Kb1 Be7 25. g4 h6 26. Qf5 g6
1/2-1/2

[Event "Schachfestival 2014 - Senioren"]
[Site "Woerishofen Bad"]
[Date "2014.03.22"]
[Round "2.10"]
[White "Krotofil, Kurt"]
[Black "Nordby, Berndt"]
[Result "1/2-1/2"]
[WhiteElo "1914"]
[BlackElo "2098"]
[PlyCount "42"]
[EventDate "2014.03.21"]
[EventType "swiss"]
[EventCountry "GER"]
[WhiteTeam "Niendorfer TSV 1919 SAbt"]
[BlackTeam "Sarpsborg SK"]
[WhiteTeamCountry "GER"]
[BlackTeamCountry "NOR"]

1. d4 Nf6 2. c4 d6 3. Nc3 g6 4. e4 Bg7 5. Nf3 O-O 6. Be2 e5 7. dxe5 dxe5 8.
Qxd8 Rxd8 9. Bg5 Re8 10. Nd5 Nxd5 11. cxd5 c6 12. Bc4 cxd5 13. Bxd5 Nd7 14. Bc4
h6 15. Be3 Bf8 16. O-O Nf6 17. Bb5 Bd7 18. Bxd7 Nxd7 19. Rac1 Nf6 20. Nd2 b6
21. f3 Nd7 1/2-1/2

[Event "Schachfestival 2014 - Senioren"]
[Site "Woerishofen Bad"]
[Date "2014.03.22"]
[Round "2.6"]
[White "Smits, Oswald"]
[Black "Ofstad, Per"]
[Result "1/2-1/2"]
[WhiteElo "1925"]
[BlackElo "2164"]
[PlyCount "56"]
[EventDate "2014.03.21"]
[EventType "swiss"]
[EventCountry "GER"]
[WhiteTeam "Sfr. Taunus Königstein/Schwalbach"]
[BlackTeam "Oslo Schakselskap"]
[WhiteTeamCountry "GER"]
[BlackTeamCountry "NOR"]

1. d4 d5 2. c4 c6 3. Nc3 Nf6 4. e3 e6 5. Nf3 Nbd7 6. Qc2 Bd6 7. Bd3 O-O 8. O-O
dxc4 9. Bxc4 e5 10. Rd1 Qe7 11. dxe5 Nxe5 12. Be2 Nxf3+ 13. Bxf3 Bg4 14. Qe2
Bxf3 15. Qxf3 Rad8 16. Bd2 Rd7 17. Be1 Rfd8 18. Rac1 h6 19. g3 Qe6 20. Kg2 Be5
21. Rxd7 Rxd7 22. a3 Qb3 23. Qe2 Nd5 24. Qc2 Qxc2 25. Rxc2 Nxc3 26. Bxc3 Bxc3
27. Rxc3 f5 28. Rc2 Kf7 1/2-1/2

[Event "Schachfestival 2014 - Senioren"]
[Site "Woerishofen Bad"]
[Date "2014.03.22"]
[Round "2.58"]
[White "Flockerzi, Armin"]
[Black "Jaeger, Erich"]
[Result "0-1"]
[WhiteElo "1815"]
[BlackElo "1963"]
[PlyCount "68"]
[EventDate "2014.03.21"]
[EventType "swiss"]
[EventCountry "GER"]
[WhiteTeam "VfR-SC Koblenz"]
[BlackTeam "PTSV Neustadt"]
[WhiteTeamCountry "GER"]
[BlackTeamCountry "GER"]

1. d4 Nf6 2. c4 g6 3. Nf3 Bg7 4. e3 O-O 5. b3 d6 6. Bb2 Nbd7 7. Be2 Re8 8. O-O
Nf8 9. Nbd2 N6d7 10. Qc2 e5 11. Rad1 Qe7 12. dxe5 dxe5 13. e4 b6 14. Nb1 Ne6
15. Rfe1 Bb7 16. Ba3 c5 17. Nc3 Rad8 18. Nb5 Ndf8 19. Bb2 Nd4 20. Nbxd4 exd4
21. Bd3 g5 22. h3 h5 23. Bc1 g4 24. hxg4 hxg4 25. Nh2 Bc8 26. Bf4 Be5 27. Qd2
Ng6 28. Bxe5 Qxe5 29. g3 Kg7 30. Kg2 Rh8 31. Rh1 Rh3 32. f4 gxf3+ 33. Nxf3
Qxg3+ 34. Kf1 Qxf3+ 0-1

[Event "Schachfestival 2014 - Senioren"]
[Site "Woerishofen Bad"]
[Date "2014.03.22"]
[Round "2.52"]
[White "Knollmueller, Peter"]
[Black "Bretscher, Robert"]
[Result "1/2-1/2"]
[WhiteElo "1853"]
[BlackElo "1631"]
[PlyCount "77"]
[EventDate "2014.03.21"]
[EventType "swiss"]
[EventCountry "GER"]
[WhiteTeam "SK Töging"]
[BlackTeam "Roche Basel"]
[WhiteTeamCountry "GER"]
[BlackTeamCountry "SUI"]

1. d4 Nf6 2. Nf3 d5 3. c4 c6 4. Nc3 Bf5 5. e3 e6 6. Bd3 Bg6 7. O-O Bd6 8. Re1
O-O 9. Bxg6 hxg6 10. e4 dxe4 11. Nxe4 Nxe4 12. Rxe4 Nd7 13. Bg5 Nf6 14. Rh4 Be7
15. Qd3 Nh7 16. Bxe7 Qxe7 17. g3 Rad8 18. Rd1 Ng5 19. Nxg5 Qxg5 20. Qf1 f5 21.
d5 exd5 22. cxd5 cxd5 23. Rhd4 f4 24. h4 Qg4 25. Qg2 Rf5 26. f3 Qxg3 27. Qxg3
fxg3 28. Kg2 Kf7 29. Kxg3 Ke7 30. R1d3 Kd6 31. Ra4 a6 32. Rb3 Kc6 33. Rab4 b5
34. a4 Rb8 35. Rc3+ Kd6 36. a5 Kd7 37. Rg4 Rf6 38. Rd4 Rf5 39. Rg4 1/2-1/2

[Event "Schachfestival 2014 - Senioren"]
[Site "Woerishofen Bad"]
[Date "2014.03.22"]
[Round "2.32"]
[White "Oser, Thor"]
[Black "Storkebaum, Karl Heinrich"]
[Result "1-0"]
[WhiteElo "1820"]
[BlackElo "1959"]
[PlyCount "65"]
[EventDate "2014.03.21"]
[EventType "swiss"]
[EventCountry "GER"]
[WhiteTeam "SK 1929 Jöhlingen"]
[BlackTeam "SAbt TEC Darmstadt"]
[WhiteTeamCountry "GER"]
[BlackTeamCountry "GER"]

1. e4 c5 2. c3 d5 3. exd5 Qxd5 4. d3 Nf6 5. h3 Nc6 6. Nf3 e5 7. Be2 Be7 8. Bg5
Bf5 9. O-O Rd8 10. Na3 Bxd3 11. Bxd3 Qxd3 12. Qb3 Qd5 13. Qxb7 Rb8 14. Qa6 O-O
15. Bxf6 Bxf6 16. Qe2 Rfe8 17. Rfd1 Qe6 18. Nc4 e4 19. Nh2 Be5 20. Nxe5 Qxe5
21. Ng4 Qe6 22. b3 f5 23. Ne3 Rbd8 24. Nc4 Ne5 25. Nxe5 Qxe5 26. Qc4+ Kf8 27.
Rac1 f4 28. b4 e3 29. fxe3 fxe3 30. Rf1+ Ke7 31. Rf7+ Kd6 32. Rd1+ Kc6 33. Qa6#
1-0

[Event "Schachfestival 2014 - Senioren"]
[Site "Woerishofen Bad"]
[Date "2014.03.22"]
[Round "2.25"]
[White "Mittermaier, Walter"]
[Black "Dombrowe, Eckehard"]
[Result "1-0"]
[WhiteElo "2104"]
[BlackElo "1828"]
[PlyCount "71"]
[EventDate "2014.03.21"]
[EventType "swiss"]
[EventCountry "GER"]
[WhiteTeam "SAbt TSV Haunstetten"]
[BlackTeam "Schachgemeinschaft Nettetal 1929"]
[WhiteTeamCountry "GER"]
[BlackTeamCountry "GER"]

1. d4 d5 2. Nf3 Nf6 3. c4 e6 4. Nc3 Be7 5. e3 O-O 6. Bd3 dxc4 7. Bxc4 Nbd7 8.
O-O c6 9. Qe2 Nd5 10. e4 Nxc3 11. bxc3 Nf6 12. Bf4 h6 13. a4 c5 14. Rfd1 Bd7
15. Ne5 Qc8 16. d5 exd5 17. exd5 Bd6 18. Nxd7 Qxd7 19. Qf3 a6 20. Bxh6 Bxh2+
21. Kxh2 Ng4+ 22. Kg1 Nxh6 23. d6 b5 24. axb5 axb5 25. Rxa8 bxc4 26. Rxf8+ Kxf8
27. Qa8+ Qe8 28. Qb7 f6 29. d7 Qd8 30. Qc8 Nf7 31. Qxc5+ Kg8 32. Qxc4 Kf8 33.
Qc5+ Kg8 34. Qc8 Kh7 35. Qxd8 Nxd8 36. Re1 1-0

[Event "Schachfestival 2014 - Senioren"]
[Site "Woerishofen Bad"]
[Date "2014.03.22"]
[Round "2.40"]
[White "Koch, Dieter"]
[Black "Kreie, Guenther"]
[Result "1-0"]
[WhiteElo "1809"]
[BlackElo "1939"]
[PlyCount "63"]
[EventDate "2014.03.21"]
[EventType "swiss"]
[EventCountry "GER"]
[WhiteTeam "SC Ammersee"]
[BlackTeam "Turn- u. Sportverein Eichholz-Re"]
[WhiteTeamCountry "GER"]
[BlackTeamCountry "GER"]

1. d4 d5 2. Bg5 Nf6 3. Nd2 Ne4 4. Nxe4 dxe4 5. Bf4 e6 6. e3 Bd6 7. Bg3 Nd7 8.
Ne2 Nf6 9. Bh4 Be7 10. Bxf6 Bxf6 11. Ng3 g6 12. Nxe4 Bg7 13. f4 Bd7 14. Be2 Bc6
15. Bf3 Bb5 16. a4 Ba6 17. Nc5 Bc4 18. Bxb7 O-O 19. Bxa8 Qxa8 20. Qf3 Bd5 21.
e4 Bxd4 22. exd5 Bxc5 23. O-O-O exd5 24. Rxd5 Be3+ 25. Kb1 Bxf4 26. Rhd1 Bd6
27. h4 Qe8 28. b3 Qe7 29. h5 Be5 30. Qe4 f6 31. Qc4 Kg7 32. Rd7 1-0

[Event "Schachfestival 2014 - Senioren"]
[Site "Woerishofen Bad"]
[Date "2014.03.22"]
[Round "2.29"]
[White "Spurga, Josef"]
[Black "Rothenhagen, Siegfried"]
[Result "1-0"]
[WhiteElo "2008"]
[BlackElo "1816"]
[PlyCount "63"]
[EventDate "2014.03.21"]
[EventType "swiss"]
[EventCountry "GER"]
[WhiteTeam "VfL Sindelfingen"]
[BlackTeam "SC Ammersee"]
[WhiteTeamCountry "GER"]
[BlackTeamCountry "GER"]

1. d4 Nf6 2. c4 e5 3. dxe5 Ng4 4. Nf3 Nc6 5. Bg5 Be7 6. Bf4 Bb4+ 7. Nbd2 Qe7 8.
e3 Ngxe5 9. Nxe5 Nxe5 10. Be2 O-O 11. O-O Bxd2 12. Qxd2 d6 13. Qc3 Re8 14. Rac1
b6 15. b4 a5 16. a3 axb4 17. axb4 Ra2 18. Rfe1 Ng6 19. Bg3 Bb7 20. c5 bxc5 21.
bxc5 Rea8 22. cxd6 cxd6 23. Bf1 Rc8 24. Qb3 Rxc1 25. Rxc1 Ra5 26. Rb1 Ra7 27.
Qb6 Be4 28. Qb8+ Nf8 29. Bxd6 Qxd6 30. Qxd6 Bxb1 31. Qb6 Ra1 32. Qb2 1-0

[Event "Schachfestival 2014 - Senioren"]
[Site "Woerishofen Bad"]
[Date "2014.03.22"]
[Round "2.56"]
[White "Mahrla, Hans"]
[Black "Hartlaub, Marianne"]
[Result "1-0"]
[WhiteElo "1842"]
[BlackElo "1596"]
[PlyCount "109"]
[EventDate "2014.03.21"]
[EventType "swiss"]
[EventCountry "GER"]
[WhiteTeam "SC Eichenau"]
[BlackTeam "SK 1982 Klingenberg/Main"]
[WhiteTeamCountry "GER"]
[BlackTeamCountry "GER"]

1. e4 d6 2. d4 Nf6 3. Nc3 c6 4. Bd3 e5 5. dxe5 dxe5 6. Nf3 Bg4 7. Be3 Nbd7 8.
h3 Bxf3 9. Qxf3 Bc5 10. O-O-O Bxe3+ 11. Qxe3 O-O 12. f4 Qc7 13. fxe5 Nxe5 14.
Be2 b5 15. Qc5 Nfd7 16. Qd6 Qb6 17. Qd4 Qa5 18. a3 Rad8 19. Qb4 Qb6 20. Rd6 a5
21. Qd4 Qxd4 22. Rxd4 c5 23. Rd5 b4 24. axb4 axb4 25. Na4 Ra8 26. b3 f6 27. Bb5
Rfd8 28. Rhd1 Ra7 29. Kb2 Kf8 30. Nxc5 Ke7 31. Na6 Nf7 32. Nxb4 Nde5 33. c4 Nd6
34. Rxe5+ fxe5 35. Nc6+ Ke6 36. Nxd8+ Ke7 37. Nc6+ Kd7 38. Nxa7+ Kc7 39. Re1
Kb6 40. Nc6 Nf7 41. Rf1 Ng5 42. Rf5 Nxe4 43. Rxe5 Nc5 44. Kc3 h6 45. b4 Nd7 46.
Re8 Nf6 47. Rb8+ Kc7 48. c5 Nd7 49. Ra8 Kb7 50. Ra7+ Kc8 51. Ne7+ Kb8 52. Rxd7
g5 53. c6 h5 54. c7+ Ka7 55. c8=Q+ 1-0

[Event "Schachfestival 2014 - Senioren"]
[Site "Woerishofen Bad"]
[Date "2014.03.22"]
[Round "2.12"]
[White "Abegg, Beat"]
[Black "Schmidt, Wolfgang"]
[Result "1/2-1/2"]
[WhiteElo "1910"]
[BlackElo "2080"]
[PlyCount "24"]
[EventDate "2014.03.21"]
[EventType "swiss"]
[EventCountry "GER"]
[WhiteTeam "SK Altdorf"]
[BlackTeam "SC Emmendingen 1937 e.V."]
[WhiteTeamCountry "GER"]
[BlackTeamCountry "GER"]

1. d4 g6 2. c4 Nf6 3. g3 Bg7 4. Bg2 O-O 5. Nc3 d6 6. Nf3 Nc6 7. O-O e5 8. d5
Ne7 9. e4 Ne8 10. Ne1 f5 11. Nd3 Nf6 12. Bg5 h6 1/2-1/2

[Event "Schachfestival 2014 - Senioren"]
[Site "Woerishofen Bad"]
[Date "2014.03.22"]
[Round "2.46"]
[White "Schulz, Franz"]
[Black "Hager, Eberhard"]
[Result "0-1"]
[WhiteElo "1670"]
[BlackElo "1882"]
[PlyCount "68"]
[EventDate "2014.03.21"]
[EventType "swiss"]
[EventCountry "GER"]
[WhiteTeam "SV Ebersbach"]
[BlackTeam "SC Friedberg im Gehörl. Sportver"]
[WhiteTeamCountry "GER"]
[BlackTeamCountry "GER"]

1. b4 e5 2. Bb2 d6 3. e3 Nf6 4. Be2 Be7 5. Nf3 O-O 6. O-O Nbd7 7. d4 e4 8. Nfd2
d5 9. a3 c6 10. c4 b6 11. cxd5 cxd5 12. Nc3 a6 13. Qb3 Bb7 14. Rac1 Re8 15. Rc2
Nf8 16. Rfc1 Ne6 17. b5 a5 18. a4 Qd6 19. Na2 Qd7 20. Ba3 Bd6 21. Bxd6 Qxd6 22.
f3 exf3 23. Bxf3 h6 24. Qd3 Rab8 25. Nf1 Ng5 26. Ng3 Nfe4 27. Bxe4 Nxe4 28.
Nxe4 dxe4 29. Qf1 Qa3 30. Nc3 Qb3 31. Qf2 Rbc8 32. g3 Rc7 33. Rb2 Qa3 34. Ra2
Qxc1+ 0-1